000 00219nam a2200097Ia 4500
008 240331s9999 xx 000 0 und d
082 _bJEY
100 _aJeyarasa,S
245 0 _aThayimolee kalviyum katpithalum
942 _cL
999 _c4734
_d4734